Logo BPK

Biblioteka

Politechniki Koszalińskiej

Interpretacja zdjęć lotniczych / (Rekord nr 17902)

Szczegóły MARC
000 -ETYKIETA REKORDU
podpole kontrolne o stałej długości 00474nam a2200169 i 4500
001 - NUMER KONTROLNY REKORDU
pole kontrolne bg
040 ## - ŹRÓDŁO KATALOGOWANIA
Instytucja, która utworzyła rekord BPK
041 ## - KOD JĘZYKA
Kod języka tekstu pol
080 ## - UNIWERSALNA KLASYFIKACJA DZIESIĘTNA - UKD
UKD 91+528:778.3
008 - POLE O STAŁEJ DŁUGOŚCI - DANE KONTROLNE
podpole kontrolne o stałej długości s pl f |000 0 pol
100 1# - NAZWA OSOBOWA
Nazwa osobowa CIOŁKOSZ, Andrzej
Daty związane z nazwą (1939- ).
245 #0 - TYTUŁ/ODPOWIEDZIALNOŚĆ
Tytuł Interpretacja zdjęć lotniczych /
Pozostałe elementy strefy tytułu i oznaczenia odpowiedzialności Andrzej Ciołkosz, Jerzy Miszalski, Jan Olędzki.
260 ## - STREFA ADRESU WYDAWNICZEGO
Miejsce wydania Warszawa,
Data publikacji, dystrybucji/powstania dokumentu 1978.
700 1# - HASŁO DODATKOWE - NAZWA OSOBOWA
Nazwa osobowa MISZALSKI, Jerzy
700 1# - HASŁO DODATKOWE - NAZWA OSOBOWA
Nazwa osobowa OLĘDZKI, Jan Romuald
Daty związane z nazwą (1941- ).
856 ## - LOKALIZACJA I DOSTĘP DO ELEKTRONICZNYCH DOKUMENTÓW ZDALNYCH
Link (URL) http://koha.tu.koszalin.pl/cgi-bin/koha/opac-detail.pl?biblionumber=17902
Tekst linku Katalog online BPK
942 ## - DODATKOWE ELEMENTY (KOHA)
Typ dokumentu Książka
Egzemplarze
Wycofany Status egzemplarza Uszkodzony Dostępność Lokalizacja stała Lokalizacja bieżąca Miejsce przechowywania Sygnatura Kod kreskowy Dział Typ dokumentu
      Dostępny Biblioteka Politechniki Koszalińskiej Biblioteka Politechniki Koszalińskiej Wypożyczalnia BG 23565 01533545   Książka
      Dostępny Biblioteka Politechniki Koszalińskiej Biblioteka Politechniki Koszalińskiej Wypożyczalnia BG 23905 01689457   Książka
      Tylko na miejscu Czytelnia Wydziału Elektroniki i Informatyki, Wydziału Architektury i Wzornictwa, Wydziału Inżynierii Mechanicznej i Energetyki oraz Wydziału Inżynierii Lądowej, Środowiska i Geodezji Czytelnia Wydziału Elektroniki i Informatyki, Wydziału Architektury i Wzornictwa, Wydziału Inżynierii Mechanicznej i Energetyki oraz Wydziału Inżynierii Lądowej, Środowiska i Geodezji Czytelnia Wydziałowa ul. Śniadeckich 2 23564 02226675 528 Geodezja Książka
© 2023 Biblioteka Politechniki Koszalińskiej :: KOHA